Gaming Quiz

Random Gaming or Country Quiz

Characters in the King of Fighter series? Quiz Stats

 Plays Quiz not verified by Sporcle

Support Sporcle.
Go Orange.
Score 0/111 Timer 15:00
0 Plays Today
Game Character % Correct
King of Fighters 99K'
97.9%
King of Fighters 94Kyo Kusanagi
84.4%
King of Fighters 94Terry Bogard
79.9%
King of Fighters 94Andy Bogard
78.9%
King of Fighters 95Iori Yagami
76.8%
King of Fighters 94Mai Shiranui
76.5%
King of Fighters 94Joe Higashi
75.8%
King of Fighters 94King
75.1%
King of Fighters 94Robert Garcia
74.4%
King of Fighters 94Ryo Sakazaki
73.7%
King of Fighters 94Goro Daimon
73%
King of Fighters 94Yuri Sakazaki
72.7%
King of Fighters 2001K9999
71.6%
King of Fighters 95Billy Kane
70.9%
King of Fighters 96Geese Howard
70.2%
King of Fighters 97Chris
70.2%
King of Fighters 94Rugal Bernstein
69.9%
King of Fighters 94Kim Kaphwan
69.6%
King of Fighters 94Takuma Sakazaki
68.5%
King of Fighters 97Shermie
68.5%
King of Fighters 97Orochi
68.2%
King of Fighters 2000Kula Diamond
68.2%
King of Fighters 94Heidern
67.8%
King of Fighters 97Blue Mary
67.5%
King of Fighters 94Athena Asamiya
66.8%
King of Fighters 2000Vanessa
66.8%
King of Fighters 2003Ash Crimson
66.1%
King of Fighters 94Ralf Jones
65.7%
King of Fighters 94Benimaru Nikaido
65.4%
King of Fighters 96Leona Heidern
65.4%
King of Fighters 96Mature
65.4%
King of Fighters 99Maxima
65.4%
King of Fighters 2000Ramon
65.4%
King of Fighters 2001Angel
65.1%
King of Fighters 94Sie Kensou
64.7%
King of Fighters 96Vice
64.7%
King of Fighters 94Clark Still
63%
Game Character % Correct
King of Fighters 99Whip
61.2%
King of Fighters 96Mr. Big
60.9%
King of Fighters 94Heavy D
60.6%
King of Fighters 2000Zero
60.6%
King of Fighters 99Bao
59.9%
King of Fighters 99Krizalid
59.5%
King of Fighters 2003Duo Lon
59.5%
King of Fighters 96Goenitz
59.2%
King of Fighters 2000Seth
59.2%
King of Fighters 94Choi Bounge
58.5%
King of Fighters 96Wolfgang Krauser
58.5%
King of Fighters 2003Tizoc
57.4%
King of Fighters 2003Shen Woo
56.7%
King of Fighters 94Lucky Glauber
56.4%
King of Fighters 94Brian Battler
56.4%
King of Fighters 95Eiji Kisaragi
55.7%
King of Fighters 97Shingo Yabuki
55.7%
King of Fighters 2001Foxy
55.7%
King of Fighters 94Chang Koehan
55.4%
King of Fighters 95Saisyu Kusanagi
55%
King of Fighters 94Chin Gentsai
54.7%
King of Fighters 96Chizuru Kagura
54%
King of Fighters 96Kasumi Todo
54%
King of Fighters 2001May Lee
53.6%
King of Fighters 2001Igniz
52.6%
King of Fighters 97Ryuji Yamazaki
52.2%
King of Fighters XIOswald
51.2%
King of Fighters 2000Lin
50.9%
King of Fighters 2003Gato
49.5%
King of Fighters 2002: Unlimited MatchNameless
48.4%
King of Fighters XIIRaiden
48.4%
King of Fighters 97Yashiro Nanakase
48.1%
King of Fighters 99Jhun Hoon
46.7%
King of Fighters 2003Malin
46.7%
King of Fighters 2003Mukai
45.7%
King of Fighters: Maximum ImpactRock Howard
44.3%
King of Fighters 99Li Xiangfei
43.9%
Game Character % Correct
King of Fighters XIMagaki
42.9%
King of Fighters XIShion
42.2%
King of Fighters XIDuck King
41.5%
King of Fighters 2003Adelheid Bernstein
41.2%
King of Fighters 2001Original Zero
40.1%
King of Fighters: Maximum ImpactAlba Meira
39.1%
King of Fighters XIMomoko
36%
King of Fighters XIBonne Jenet
35.3%
King of Fighters XIGai Tendo
33.9%
King of Fighters: Maximum ImpactSoiree Meira
33.9%
King of Fighters XITung Fu Rue
33.2%
King of Fighters XISilber
31.8%
King of Fighters: Maximum ImpactDuke
31.5%
King of Fighters 2000Hinako Shijo
30.8%
King of Fighters: Maximum ImpactChae Lim
30.4%
King of Fighters: Maximum ImpactMignon Beart
30.4%
King of Fighters XIJyazu
27%
King of Fighters: Maximum Impact 2 Ninon Beart
26.3%
King of Fighters XIHotaru Futaba
25.3%
King of Fighters: Maximum Impact 2 Mr. Karate
25.3%
King of Fighters: Maximum Impact 2 Jivatma
25.3%
King of Fighters: Maximum ImpactLien Neville
24.9%
King of Fighters: Maximum Impact 2 Nagase
24.6%
King of Fighters: Maximum Impact 2 Richard Meyer
24.6%
King of Fighters: Maximum Impact 2 Hyena
23.9%
King of Fighters: Maximum Impact 2 Lily Kane
23.5%
King of Fighters XISho Hayate
23.2%
King of Fighters EX: NeobloodMoe Habana
21.8%
King of Fighters: Maximum Impact Regulation AXiao Lon
21.8%
King of Fighters: Maximum Impact 2 Luise Meyrink
19.4%
King of Fighters: Maximum Impact 2 Fio Germi
17.6%
King of Fighters: Maximum Impact Regulation AMakoto Mizoguchi
17.6%
King of Fighters EX2: Howling BloodReiji
17.3%
King of Fighters: Maximum Impact 2 Hattori Hanzo
17%
King of Fighters XIElisabeth Brantorche
13.1%
King of Fighters EX2: Howling BloodMiu Kurosaki
12.5%
King of Fighters EX2: Howling BloodJun Kagami
12.1%

You're not logged in!

Compare scores with friends on all Sporcle quizzes.
OR
Log In

From the Vault

The First Three II

by The_Professor

The second three don't get much credit - they're just known as 4, 5, and 6.
Remove Ads.
Support Sporcle.
Get the best of Sporcle when you Go Orange. This ad-free experience offers more features, more stats, and more fun while also helping to support Sporcle. Thank you for becoming a member.

Show Comments

Extras

Top Quizzes Today


Score Distribution

Your Account Isn't Verified!

In order to create a playlist on Sporcle, you need to verify the email address you used during registration. Go to your Sporcle Settings to finish the process.

Report this User

Report this user for behavior that violates our Community Guidelines.

Details: